Ветер в камышах (Запись № 13668888)

Подробности
000 -МАРКЕР
контрольное поле 02553nam0a2200373 4500
001 - ИДЕНТИФИКАТОР ЗАПИСИ
контрольное поле RU\NLR\BIBL_A\022369973
005 - ИДЕНТИФИКАТОР ВЕРСИИ
контрольное поле 20260420020819.0
010 ## - МЕЖДУНАРОДНЫЙ СТАНДАРТНЫЙ НОМЕР КНИГИ (ISBN)
Номер (ISBN) 978-5-389-25236-3
Тираж 3000
021 ## - НОМЕР ГОСУДАРСТВЕННОЙ РЕГИСТРАЦИИ
Код страны Российская Федерация
Номер КН-П-24-055074
Номер Листа государственной регистраци КН-П-24-5484
035 ## - ДРУГИЕ СИСТЕМНЫЕ НОМЕРА
Идентификатор записи (NLR Aleph) 022369973
100 ## - ДАННЫЕ ОБЩЕЙ ОБРАБОТКИ
Данные общей обработки 20241101d2024 u y0rusy50 ca
101 1# - ЯЗЫК РЕСУРСА
Язык текста, звукозаписи и т.д. русский
Язык оригинала английский
102 ## - СТРАНА ПУБЛИКАЦИИ ИЛИ ПРОИЗВОДСТВА
Страна публикации Российская Федерация
105 ## - ПОЛЕ КОДИРОВАННЫХ ДАННЫХ: ТЕКСТОВЫЕ МАТЕРИАЛЫ, МОНОГРАФИЧЕСКИЕ
Кодированные данные о монографическом текстовом документе y|||z|||000gy
181 #0 - ПОЛЕ КОДИРОВАННЫХ ДАННЫХ: ВИД СОДЕРЖАНИЯ
Код вида содержания (ISBD) i
Код характеристики содержания (ISBD) xxxe
182 #0 - ПОЛЕ КОДИРОВАННЫХ ДАННЫХ: ТИП СРЕДСТВА
Код типа средства (ISBD) n - непосредственное
200 1# - ЗАГЛАВИЕ И СВЕДЕНИЯ ОБ ОТВЕТСТВЕННОСТИ
Основное заглавие Ветер в камышах
Сведения, относящиеся к заглавию [избранные произведения]
Первые сведения об ответственности Уильям Батлер Йейтс
Последующие сведения об ответственности перевод с английского, [комментарии] Григория Кружкова
203 ## - ВИД СОДЕРЖАНИЯ И ТИП СРЕДСТВА
Вид содержания Текст
Дополнительные сведения об издании визуальный
Тип средства непосредственный
210 ## - ПУБЛИКАЦИЯ, РАСПРОСТРАНЕНИЕ И ДР.
Место издания, распространения и т.д. Санкт-Петербург
Имя издателя, распространителя и т. д. Азбука-Аттикус, Азбука
Дата издания, распространения и т.д. 2024
215 ## - ФИЗИЧЕСКАЯ ХАРАКТЕРИСТИКА
Специфическое обозначение материала и объем 315, [1] с.
Размеры 17
225 1# - СЕРИЯ
Основное заглавие серии Азбука-поэзия
300 ## - ОБЩИЕ ПРИМЕЧАНИЯ
Текст примечания В аннот. авт.: У. Б. Йейтс, лауреат Нобелев. премии
309 ## - ПРИМЕЧАНИЯ ОБ ОСНОВНОМ ИСТОЧНИКЕ ИНФОРМАЦИИ И ОБ ОСОБЕННОСТЯХ ПОЛИГРАФИЧЕСКОГО ОФОРМЛЕНИЯ ИЗДАНИЯ
Текст примечания Кн. в пояске
327 0# - ПРИМЕЧАНИЯ О СОДЕРЖАНИИ
Текст примечания Содерж. циклы: Из книги "Перекрестки" (1889) ; Из книги "Роза" (1893) ; Из книги "Ветер в камышах" (1899) ; Из книги "В семи лесах" (1903) ; Из книги "Зеленый шлем и другие стихотворения" (1910) ; Из книги "Ответственность" (1914) ; Из книги "Дикие лебеди в Куле" (1919) ; Из книги "Майкл Робартис и плясунья" (1921) ; Две песни из пьесы "Последняя ревность Эмер" (1919) ; Из книги "Башня" (1928) [и др.]. В кн. также: У. Б. Йейтс. "Сохранить в душе ирландство" / Г. Кружков
333 ## - ПРИМЕЧАНИЯ ОБ ОСОБЕННОСТЯХ РАСПРОСТРАНЕНИЯ И ИСПОЛЬЗОВАНИЯ
Текст примечания 16+
464 #0 - АНАЛИТИЧЕСКИЙ УРОВЕНЬ
Встроенное поле 2001#$aУ. Б. Йейтс. "Сохранить в душе ирландство"$fГ. Кружков
-- 700#1$aКружков$bГ. М.$f1945-$gГригорий Михайлович$3RU\NLR\AUTH\7732372
Заглавие У. Б. Йейтс. "Сохранить в душе ирландство"
Автор Кружков, Григорий Михайлович (1945-)
686 1# - ИНДЕКСЫ ДРУГИХ КЛАССИФИКАЦИЙ
Индекс Ш6(4И)167-5{Лх1328-175}
700 #1 - ИМЯ ЛИЦА - ПЕРВИЧНАЯ ОТВЕТСТВЕННОСТЬ
Графика поля Кириллица
Материалы, к которым относится поле rus
Начальный элемент ввода Йейтс
Часть имени, кроме начального элемента ввода У. Б.
Даты 1865-1939
Расширение инициалов личного имени Уильям Батлер
Системный номер авторитетной/нормативной записи 357
Идентификатор авторитетной/нормативной записи RU\NLR\AUTH\7717268
942 ## - ДОПОЛНИТЕЛЬНЫЕ ЭЛЕМЕНТЫ ЗАПИСИ (АБИС)
Тип экземпляра АБИС Книга
980 ## - КОЛЛЕКЦИЯ
Название коллекции Национальная библиография

Нет доступных экземпляров.